Countries with the Most NBA Players per Capita - Statistics

General Stats
  • This quiz has been taken 48 times
  • The average score is 5 of 10
Answer Stats
Players/1M Answer % Correct
1.3 United States
98%
0.90 Serbia
86%
0.95 Slovenia
67%
1.0 Croatia
51%
0.71 Lithuania
51%
0.64 Bosnia and Herzegovina
49%
1.6 Montenegro
49%
0.74 Estonia
40%
7.4 Bahamas
30%
5.6 Saint Lucia
23%
No matching quizzes found
Score Distribution
Percent of People with Each Score
Percentile by Number Answered
Your Score History
You have not taken this quiz